[Event "Catalunya-chT Gp2"]
[Site "Barcelona"]
[Date "2024.02.24"]
[Round "6.8"]
[White "Boix Redorta, Roc"]
[Black "Pham Guerrero, Sergi"]
[Result "1-0"]
[WhiteElo "1925"]
[BlackElo "2086"]
[PlyCount "55"]
[EventDate "2024.01.20"]
[EventType "team-tourn"]
[EventRounds "7"]
[EventCountry "ESP"]
[SourceTitle "CB11_2024"]
[SourceDate "2024.03.13"]
[SourceVersion "1"]
[SourceVersionDate "2024.03.13"]
[SourceQuality "1"]
[WhiteTeam "Llinars"]
[BlackTeam "Geva CEA"]
[WhiteTeamCountry "ESP"]
[BlackTeamCountry "ESP"]

1. e4 c5 2. Nf3 d6 3. d4 cxd4 4. Nxd4 Nf6 5. Nc3 g6 6. Be3 Nc6 7. f3 h5 8. Bc4 Bd7 9. Qd2 Bg7 10. 0-0-0 Rc8 11. Nxc6 bxc6 12. h3 h4 13. f4 Qa5 14. Bb3 Nh5 15. Kb1 Ng3 16. Bd4 f6 17. Rhe1 c5 18. Bxf6 Bxf6 19. e5 c4 20. exf6 Nf5 21. Rxe7+ Kd8 22. Ba4 Rc7 23. Rxd7+ Rxd7 24. Bxd7 Kxd7 25. Qe2 Qb4 26. a3 Qc5 27. Ne4 Qc6 28. Nxd6 1-0

[Event "Catalunya-chT Gp2"]
[Site "Barcelona"]
[Date "2024.02.03"]
[Round "3.6"]
[White "Obon Temprano, Sergi"]
[Black "Boix Redorta, Roc"]
[Result "1-0"]
[WhiteElo "2194"]
[BlackElo "1925"]
[PlyCount "81"]
[EventDate "2024.01.20"]
[EventType "team-tourn"]
[EventRounds "7"]
[EventCountry "ESP"]
[SourceTitle "CB11_2024"]
[SourceDate "2024.03.13"]
[SourceVersion "1"]
[SourceVersionDate "2024.03.13"]
[SourceQuality "1"]
[WhiteTeam "Barbera"]
[BlackTeam "Llinars"]
[WhiteTeamCountry "ESP"]
[BlackTeamCountry "ESP"]

1. Nf3 Nf6 2. c4 e6 3. Nc3 d5 4. e3 Be7 5. b3 b6 6. Be2 Bb7 7. 0-0 0-0 8. Bb2 c5 9. d4 Nc6 10. cxd5 exd5 11. Rc1 cxd4 12. Nxd4 Nxd4 13. Qxd4 Bc5 14. Qh4 Re8 15. Rfd1 a6 16. Bf3 Be7 17. Qd4 Bc5 18. Qd3 Qe7 19. Nxd5 Bxd5 20. Bxd5 Rad8 21. Bxf6 Qxf6 22. Qxa6 h6 23. Bf3 Bd6 24. Rd4 Bxh2+ 25. Kf1 Rxd4 26. exd4 Qxd4 27. Qb5 Re6 28. Rc8+ Kh7 29. Qf5+ Rg6 30. Rc1 Qf6 31. Be4 Qh4 32. Rc4 Qd8 33. Qf3 Be5 34. Rc1 Qd2 35. Rd1 Qf4 36. Qxf4 Bxf4 37. Rd7 Kg8 38. Bxg6 fxg6 39. Rb7 Kh7 40. Rxb6 h5 41. a4 1-0

[Event "ESP-ch U16 rapid"]
[Site "Salobrena"]
[Date "2023.07.30"]
[Round "5"]
[White "Boix Redorta, Roc"]
[Black "Jimenez Carrazoni, Marta Elena"]
[Result "1-0"]
[WhiteElo "1918"]
[BlackElo "1638"]
[PlyCount "85"]
[EventDate "2023.07.29"]
[EventType "swiss (rapid)"]
[EventRounds "9"]
[EventCountry "ESP"]
[SourceTitle "EXT 2024"]
[Source "ChessBase"]
[SourceDate "2023.10.10"]
[SourceVersion "1"]
[SourceVersionDate "2023.10.10"]
[SourceQuality "1"]

1. e4 c5 2. Nf3 Nc6 3. d4 cxd4 4. Nxd4 e5 5. Nb5 d6 6. N1c3 a6 7. Na3 Be6 8. Nc4 b5 9. Ne3 Nf6 10. Ned5 Bxd5 11. Nxd5 Nxe4 12. Qf3 Nc5 13. Be2 Rc8 14. c3 Be7 15. Be3 0-0 16. Rd1 Qe8 17. 0-0 f5 18. Nxe7+ Qxe7 19. Qd5+ Kh8 20. Qxd6 Qxd6 21. Rxd6 Ne4 22. Rd5 f4 23. Bc1 Nf6 24. Rd6 Ne4 25. Rxc6 Rxc6 26. Bf3 Rc4 27. b3 Rxc3 28. Bxe4 Rd8 29. h3 Kg8 30. Bb2 Rc5 31. b4 Rc4 32. Re1 Rxb4 33. Bxe5 Ra4 34. Bxf4 Rxa2 35. Bg5 Rd6 36. Be7 Rdd2 37. Bb4 Rd8 38. Bf5 g6 39. Be6+ Kg7 40. Bc3+ Kh6 41. Bxa2 Rc8 42. Rc1 b4 43. Bd2+ 1-0

[Event "ESP-ch U16 rapid"]
[Site "Salobrena"]
[Date "2023.07.29"]
[Round "4"]
[White "Bethencourt Hernandez, Alberto"]
[Black "Boix Redorta, Roc"]
[Result "0-1"]
[WhiteElo "1676"]
[BlackElo "1918"]
[PlyCount "54"]
[EventDate "2023.07.29"]
[EventType "swiss (rapid)"]
[EventRounds "9"]
[EventCountry "ESP"]
[SourceTitle "EXT 2024"]
[Source "ChessBase"]
[SourceDate "2023.10.10"]
[SourceVersion "1"]
[SourceVersionDate "2023.10.10"]
[SourceQuality "1"]

1. e4 Nc6 2. d4 d5 3. exd5 Qxd5 4. Be3 e5 5. Nc3 Bb4 6. a3 Bxc3+ 7. bxc3 Qa5 8. Qd2 Nf6 9. Bd3 Nd5 10. c4 Nxe3 11. Qxa5 Nxg2+ 12. Kf1 Nxa5 13. Kxg2 exd4 14. Nf3 c5 15. Rhe1+ Be6 16. Ng5 Kd7 17. Re5 b6 18. Nxe6 fxe6 19. Rae1 Rae8 20. Be2 Nc6 21. Rg5 g6 22. Bg4 Kd6 23. h4 Rhg8 24. Bh3 h6 25. Rg4 g5 26. Kf1 Ne5 27. Rge4 g4 0-1

[Event "Foment Martinenc op-A 23rd"]
[Site "Barcelona"]
[Date "2023.05.06"]
[Round "3"]
[White "Boix Redorta, Roc"]
[Black "Perez Pastora, Evaristo"]
[Result "0-1"]
[WhiteElo "1875"]
[BlackElo "2089"]
[PlyCount "90"]
[EventDate "2023.04.22"]
[EventType "swiss"]
[EventRounds "9"]
[EventCountry "ESP"]
[SourceTitle "EXT 2024"]
[Source "ChessBase"]
[SourceDate "2023.10.10"]
[SourceVersion "1"]
[SourceVersionDate "2023.10.10"]
[SourceQuality "1"]

1. e4 c5 2. Nf3 d6 3. d4 cxd4 4. Nxd4 Nf6 5. Nc3 a6 6. h3 e6 7. g4 Nc6 8. Bg2 Nd7 9. 0-0 Be7 10. Be3 0-0 11. f4 Nxd4 12. Qxd4 b5 13. Rad1 b4 14. e5 dxe5 15. fxe5 Rb8 16. Ne4 Qa5 17. g5 Qxe5 18. Qd2 Rb5 19. Bd4 Qc7 20. h4 e5 21. Be3 Nb6 22. b3 Nd5 23. Nf6+ Nxf6 24. gxf6 Bxf6 25. h5 Bg4 26. Bf3 Bxf3 27. Rxf3 e4 28. Rf2 Rxh5 29. Qe2 Qe5 30. Rg2 Rf5 31. Qg4 g6 32. Bd4 Qe6 33. Be3 Re8 34. Bf4 h5 35. Qg3 Be5 36. Bxe5 Qxe5 37. Qh4 Kg7 38. Qe1 a5 39. Qe2 Rf4 40. Rd7 Qc5+ 41. Kh2 Rh4+ 42. Kg3 Qg5+ 43. Kf2 Qf5+ 44. Kg1 Qxd7 45. Qe1 Qd4+ 0-1

[Event "Foment Martinenc op-A 23rd"]
[Site "Barcelona"]
[Date "2023.04.22"]
[Round "1"]
[White "Boix Redorta, Roc"]
[Black "Jimenez Ruano, Adrian"]
[Result "0-1"]
[WhiteElo "1875"]
[BlackElo "2208"]
[PlyCount "98"]
[EventDate "2023.04.22"]
[EventType "swiss"]
[EventRounds "9"]
[EventCountry "ESP"]
[SourceTitle "EXT 2024"]
[Source "ChessBase"]
[SourceDate "2023.10.10"]
[SourceVersion "1"]
[SourceVersionDate "2023.10.10"]
[SourceQuality "1"]

1. e4 c6 2. d4 d5 3. Nc3 dxe4 4. Bc4 Nf6 5. f3 e3 6. Bxe3 e6 7. f4 Bb4 8. Nf3 Ng4 9. Qd3 Nd7 10. 0-0-0 b5 11. Bb3 a5 12. f5 a4 13. fxe6 axb3 14. exd7+ Bxd7 15. cxb3 0-0 16. Ng5 g6 17. Rdf1 Bxc3 18. Qxc3 f6 19. Nf3 Rxa2 20. h3 Nxe3 21. Qxe3 Qa5 22. g4 Re8 23. Qd3 c5 24. Nd2 cxd4 25. Qxd4 Ra1+ 26. Kc2 Rc8+ 27. Nc4 Rxf1 28. Qd5+ Kh8 29. Rxf1 Qc7 30. Qd4 Qe5 31. Qxd7 Qe2+ 32. Kc3 b4+ 33. Kxb4 Rb8+ 34. Kc5 Qxf1 35. Nd6 Qf2+ 36. Kd5 Qf3+ 37. Ke6 Qxb3+ 38. Kxf6 Qxb2+ 39. Ke6 Qb3+ 40. Kf6 Rf8+ 41. Ke7 Qg8 42. Qa4 Qg7+ 43. Ke6 Qf6+ 44. Kd5 Rd8 45. Qa6 Qf3+ 46. Ke6 Qe3+ 47. Kf6 Rf8+ 48. Nf7+ Kg8 49. Qa2 Qf4+ 0-1

[Event "Roncana op-A 14th"]
[Site "Santa Eulalia de Roncana"]
[Date "2022.11.12"]
[Round "5"]
[White "Rojas Keim, Luis Alberto"]
[Black "Boix Redorta, Roc"]
[Result "1-0"]
[WhiteElo "2387"]
[BlackElo "1790"]
[PlyCount "55"]
[EventDate "2022.10.08"]
[EventType "swiss"]
[EventRounds "8"]
[EventCountry "ESP"]
[SourceTitle "EXT 2024"]
[Source "ChessBase"]
[SourceDate "2023.10.10"]
[SourceVersion "1"]
[SourceVersionDate "2023.10.10"]
[SourceQuality "1"]

1. e4 c5 2. Nf3 Nc6 3. Bb5 e5 4. 0-0 Bd6 5. Na3 Nge7 6. d3 a6 7. Bc4 0-0 8. Bg5 h6 9. Be3 b5 10. Bb3 Bb7 11. Nh4 Nd4 12. Qg4 Kh8 13. Rae1 c4 14. dxc4 Bxa3 15. Bxd4 exd4 16. bxa3 bxc4 17. Bxc4 Rc8 18. Bb3 Rc6 19. Rd1 Ng6 20. Nf5 Qf6 21. Rxd4 Ne5 22. Qd1 Rc7 23. Rd6 Qd8 24. Nxh6 Qh4 25. Nf5 Qh7 26. Re1 g6 27. Re3 Bxe4 28. Rxe4 1-0

[Event "Roncana op-A 14th"]
[Site "Santa Eulalia de Roncana"]
[Date "2022.10.08"]
[Round "1"]
[White "Soler Colomer, Valenti"]
[Black "Boix Redorta, Roc"]
[Result "0-1"]
[WhiteElo "2132"]
[BlackElo "1790"]
[PlyCount "56"]
[EventDate "2022.10.08"]
[EventType "swiss"]
[EventRounds "8"]
[EventCountry "ESP"]
[SourceTitle "EXT 2024"]
[Source "ChessBase"]
[SourceDate "2023.10.10"]
[SourceVersion "1"]
[SourceVersionDate "2023.10.10"]
[SourceQuality "1"]

1. Nf3 Nf6 2. g3 d5 3. Bg2 e6 4. 0-0 Be7 5. d4 0-0 6. c4 dxc4 7. Qa4 a6 8. Qxc4 b5 9. Qc2 Bb7 10. Bd2 Nbd7 11. Ba5 Ra7 12. Nbd2 Qa8 13. Nb3 Nb6 14. Nc5 Bxc5 15. Qxc5 Nc4 16. Bb4 Rd8 17. Qg5 Ne4 18. Qc1 a5 19. Be1 a4 20. Bb4 h6 21. b3 Nb6 22. Bc5 Ng5 23. Ne1 axb3 24. Bxb7 Qxb7 25. h4 Ne4 26. a3 Nc4 27. Rb1 Nxc5 28. dxc5 Nd2 0-1

[Event "ESP-ch U16"]
[Site "Salobrena"]
[Date "2022.07.29"]
[Round "8"]
[White "Creixans Comerma, Pol"]
[Black "Boix Redorta, Roc"]
[Result "1-0"]
[WhiteElo "1977"]
[BlackElo "1733"]
[PlyCount "131"]
[EventDate "2022.07.25"]
[EventType "swiss"]
[EventRounds "9"]
[EventCountry "ESP"]
[SourceTitle "EXT 2023"]
[Source "ChessBase"]
[SourceDate "2022.10.05"]
[SourceVersion "1"]
[SourceVersionDate "2022.10.05"]
[SourceQuality "1"]

1. e4 c5 2. b3 d6 3. Bb2 Nc6 4. Bb5 Qb6 5. Nc3 Nf6 6. Qe2 Bg4 7. Nf3 0-0-0 8. Bxc6 Qxc6 9. h3 Bxf3 10. Qxf3 e6 11. 0-0 Be7 12. a4 a6 13. Rfe1 Rhf8 14. a5 Nd7 15. Qh5 Bf6 16. Na4 Bxb2 17. Nxb2 f5 18. exf5 Rxf5 19. Qxh7 Nf6 20. Qg6 Qd5 21. Nc4 Qd4 22. Ne3 Re5 23. Qxg7 Nd5 24. Qg4 Re4 25. Qf3 Nf4 26. d3 Nxd3 27. cxd3 Rf4 28. Ra4 Rxf3 29. Rxd4 cxd4 30. gxf3 dxe3 31. fxe3 Rh8 32. Kg2 Rh5 33. b4 Rb5 34. Rc1+ Kd7 35. Rc4 d5 36. Rg4 e5 37. h4 Ke6 38. h5 e4 39. fxe4 dxe4 40. Rxe4+ Kf6 41. Rh4 Kg5 42. Rc4 b6 43. h6 bxa5 44. Rc5+ Kxh6 45. Rxb5 axb5 46. bxa5 b4 47. a6 b3 48. a7 b2 49. a8Q b1Q 50. Qf8+ Kg6 51. Qd6+ Kg5 52. Qe5+ Kg6 53. d4 Kf7 54. d5 Qc2+ 55. Kg3 Qd1 56. Qf4+ Ke7 57. e4 Qg1+ 58. Kh4 Qh1+ 59. Kg5 Qg2+ 60. Kh6 Qa2 61. d6+ Kd7 62. e5 Qe6+ 63. Kg7 Qh3 64. Qf7+ Kc6 65. d7 Kc7 66. e6 1-0

[Event "Sitges Sunway op 8th"]
[Site "Sitges"]
[Date "2021.12.14"]
[Round "2"]
[White "Boix Redorta, Roc"]
[Black "Caglar, Sila"]
[Result "1/2-1/2"]
[WhiteElo "1776"]
[BlackElo "2255"]
[PlyCount "110"]
[EventDate "2021.12.13"]
[EventType "swiss"]
[EventRounds "10"]
[EventCountry "ESP"]
[SourceTitle "CBM 205 Extra"]
[Source "ChessBase"]
[SourceDate "2022.01.31"]
[SourceVersion "1"]
[SourceVersionDate "2022.01.31"]
[SourceQuality "1"]

1. e4 c5 2. Nf3 e6 3. d4 cxd4 4. Nxd4 Nc6 5. Nxc6 bxc6 6. Bd3 d5 7. 0-0 Nf6 8. Nc3 Be7 9. e5 Nd7 10. f4 g6 11. Qf3 Nc5 12. Kh1 h5 13. Be3 Bb7 14. Qf2 Nd7 15. Qg3 h4 16. Qh3 c5 17. Bg1 Rg8 18. Rae1 Qa5 19. Qg4 0-0-0 20. h3 Nb6 21. Ra1 c4 22. Be2 d4 23. Nd1 Be4 24. Nf2 Bxc2 25. Qf3 Rd7 26. Bxc4 Nxc4 27. Qa8+ Kc7 28. Qxg8 Ne3 29. Rac1 Kb7 30. Nd1 Nxf1 31. Rxc2 Ng3+ 32. Kh2 Bd8 33. Qe8 Qd5 34. Rc5 Qxc5 35. Qxd7+ Bc7 36. Bxd4 Qc1 37. Qb5+ Kc8 38. Qa6+ Kd8 39. Qd3 Ke8 40. Be3 Qc6 41. Nc3 a6 42. Bf2 g5 43. Bxg3 hxg3+ 44. Qxg3 gxf4 45. Qxf4 Qc5 46. Ne4 Qxe5 47. Qxe5 Bxe5+ 48. g3 Bxb2 49. h4 Ke7 50. Kh3 f5 51. Nc5 a5 52. Nd3 Ba1 53. g4 fxg4+ 54. Kxg4 Kf6 55. Kf4 Kg6 1/2-1/2

[Event "ESP-ch U14"]
[Site "Salobrena"]
[Date "2021.07.13"]
[Round "3"]
[White "Boix Redorta, Roc"]
[Black "Garcia Fernandez, Victor"]
[Result "1/2-1/2"]
[WhiteElo "1782"]
[BlackElo "2005"]
[PlyCount "131"]
[EventDate "2021.07.12"]
[EventType "swiss"]
[EventRounds "9"]
[EventCountry "ESP"]
[SourceTitle "EXT 2022"]
[Source "ChessBase"]
[SourceDate "2021.10.06"]
[SourceVersion "1"]
[SourceVersionDate "2021.10.06"]
[SourceQuality "1"]

1. e4 c5 2. Nf3 Nc6 3. d4 cxd4 4. Nxd4 Nf6 5. Nc3 d6 6. Nxc6 bxc6 7. Bd3 g6 8. 0-0 Bg7 9. Kh1 0-0 10. f4 Rb8 11. Qf3 Nd7 12. Rd1 Qc7 13. Bf1 Nc5 14. h3 f5 15. Bc4+ Kh8 16. Bb3 fxe4 17. Nxe4 Nxe4 18. Qxe4 Bf5 19. Qe2 d5 20. c3 e5 21. fxe5 Bxe5 22. Bc2 Bxc2 23. Qxc2 Qb6 24. Re1 Bg7 25. b3 Qc5 26. Bb2 Rf2 27. Re2 Rbf8 28. Rae1 Rf1+ 29. Rxf1 Rxf1+ 30. Kh2 Qd6+ 31. g3 Qf8 32. Qd3 Rf3 33. Qd1 Qb8 34. Re8+ Qxe8 35. Qxf3 Qe1 36. Kg2 Qb1 37. Qe2 h6 38. Ba3 Bxc3 39. Qe8+ Kh7 40. Qd7+ Bg7 41. Bf8 Qxa2+ 42. Kh1 Qb1+ 43. Kh2 Qc2+ 44. Kh1 Qd1+ 45. Kg2 Qe2+ 46. Kg1 Qe3+ 47. Kg2 Qe4+ 48. Kh2 Qe2+ 49. Kg1 Qe5 50. Bxg7 Qxg7 51. Qxc6 d4 52. Qe4 Qd7 53. Kf2 d3 54. Ke1 h5 55. h4 Kg7 56. Kd2 Qf7 57. Qxd3 Qf2+ 58. Kc3 Qc5+ 59. Kd2 Qf2+ 60. Kc3 Qe1+ 61. Kc4 Qe6+ 62. Kc5 Qb6+ 63. Kd5 Qb7+ 64. Ke5 Qe7+ 65. Kf4 Qc7+ 66. Kf3 1/2-1/2

[Event "Llinars del Valles op 1st"]
[Site "Llinars del Valles"]
[Date "2021.06.26"]
[Round "2"]
[White "Boix Redorta, Roc"]
[Black "Prats Safont, Sergi"]
[Result "0-1"]
[WhiteElo "1770"]
[BlackElo "1992"]
[PlyCount "96"]
[EventDate "2021.06.25"]
[EventType "swiss"]
[EventRounds "9"]
[EventCountry "ESP"]
[SourceTitle "CBM 203 Extra"]
[Source "ChessBase"]
[SourceDate "2021.09.30"]
[SourceVersion "1"]
[SourceVersionDate "2021.09.30"]
[SourceQuality "1"]

1. e4 e6 2. d4 d5 3. Nd2 Nf6 4. e5 Nfd7 5. f4 c5 6. c3 Nc6 7. Ndf3 Qb6 8. g3 cxd4 9. cxd4 Be7 10. Ne2 f6 11. Bh3 fxe5 12. fxe5 0-0 13. Bxe6+ Kh8 14. Bxd5 Ndxe5 15. Nxe5 Nxe5 16. Bf4 Bg4 17. 0-0 Bxe2 18. Qxe2 Qxd4+ 19. Rf2 Bc5 20. Qxe5 Qxe5 21. Bxe5 Rxf2 22. Kh1 Re8 23. Re1 Rf5 24. Bxg7+ Kxg7 25. Rxe8 Rxd5 26. Rc8 Bb6 27. Rc2 Kf6 28. Kg2 Kf5 29. h4 Kg4 30. Re2 Rd4 31. Re7 Rd2+ 32. Kf1 h5 33. Rxb7 Rxb2 34. a4 Ra2 35. a5 Rxa5 36. Ke2 Kxg3 37. Rg7+ Kxh4 38. Kf3 Rf5+ 39. Ke4 Rg5 40. Rf7 Rg4+ 41. Kf3 Kh3 42. Rh7 h4 43. Rd7 Rg8 44. Rf7 Kh2 45. Rf4 h3 46. Re4 Rf8+ 47. Kg4 Kg2 48. Re2+ Bf2 0-1

[Event "Catalunya-ch U18/20"]
[Site "Salou"]
[Date "2021.03.29"]
[Round "4"]
[White "Boix Redorta, Roc"]
[Black "Ribera Veganzones, Serni"]
[Result "0-1"]
[WhiteElo "1764"]
[BlackElo "2010"]
[PlyCount "96"]
[EventDate "2021.03.27"]
[EventType "swiss"]
[EventRounds "9"]
[EventCountry "ESP"]
[SourceTitle "CBM 202 Extra"]
[Source "ChessBase"]
[SourceDate "2021.07.31"]
[SourceVersion "1"]
[SourceVersionDate "2021.07.31"]
[SourceQuality "1"]

1. e4 c5 2. Nf3 Nc6 3. d4 cxd4 4. Nxd4 Nf6 5. Nc3 e6 6. Nxc6 bxc6 7. Bd3 d5 8. 0-0 Be7 9. Kh1 0-0 10. f4 d4 11. Ne2 c5 12. Ng3 e5 13. fxe5 Ng4 14. Bf4 Bg5 15. Nf5 Bxf5 16. exf5 Bxf4 17. Qxg4 Bxe5 18. f6 g6 19. Qg5 Re8 20. Rae1 Bd6 21. Bb5 Rxe1 22. Rxe1 Qa5 23. Qh4 Qxb5 24. c4 Qc6 25. h3 Re8 26. Rf1 Qe4 27. Qg5 Qe5 28. Qxe5 Rxe5 29. g4 Re2 30. b4 cxb4 31. c5 Bxc5 32. Rc1 Re5 33. h4 h6 34. h5 gxh5 35. g5 hxg5 36. Kh2 Kh7 37. Kg3 Kg6 38. a4 Kxf6 39. a5 d3 40. Rf1+ Ke6 41. a6 d2 42. Rd1 Rd5 43. Kf3 b3 44. Ke4 Rd4+ 45. Ke3 b2 46. Rf1 Rf4+ 47. Kd3 Rxf1 48. Ke4 b1Q# 0-1

[Event "Catalunya-ch U10/20"]
[Site "Salou"]
[Date "2020.09.06"]
[Round "3"]
[White "Boix Redorta, Roc"]
[Black "Bernado Lopez, Roger"]
[Result "1/2-1/2"]
[WhiteElo "1745"]
[BlackElo "2155"]
[PlyCount "81"]
[EventDate "2020.09.05"]
[EventType "swiss"]
[EventRounds "8"]
[EventCountry "ESP"]
[SourceTitle "EXT 2023"]
[Source "ChessBase"]
[SourceDate "2022.10.05"]
[SourceVersion "1"]
[SourceVersionDate "2022.10.05"]
[SourceQuality "1"]

1. e4 c5 2. d4 cxd4 3. c3 Nf6 4. Bd3 dxc3 5. Nxc3 Nc6 6. Nf3 d6 7. 0-0 Bg4 8. h3 Bh5 9. Bf4 e6 10. Bb5 Be7 11. Qa4 0-0 12. Bxc6 bxc6 13. Qxc6 Qa5 14. Bxd6 Rac8 15. Qb5 Qxb5 16. Nxb5 Bxd6 17. Nxd6 Rc2 18. b3 Bg6 19. e5 Nd5 20. Rfc1 Nb4 21. Rxc2 Nxc2 22. Rc1 h6 23. Ne1 Nd4 24. Rc7 Ra8 25. Nf3 Nxf3+ 26. gxf3 a5 27. a3 Rb8 28. Rb7 Ra8 29. Kg2 f6 30. f4 Bc2 31. Kf3 Ra6 32. Ne8 fxe5 33. fxe5 Rc6 34. Kg4 Rc3 35. Nxg7 Bxb3 36. Ne8 Bd1+ 37. Kh4 Rxa3 38. Nf6+ Kf8 39. Rb8+ Kf7 40. Ng4 Bxg4 41. hxg4 1/2-1/2

[Event "ESP-ch U14"]
[Site "Salobrena"]
[Date "2020.08.06"]
[Round "6"]
[White "Boix Redorta, Roc"]
[Black "Perez Bolanos, Joel"]
[Result "0-1"]
[WhiteElo "1724"]
[BlackElo "2005"]
[PlyCount "64"]
[EventDate "2020.08.03"]
[EventType "swiss"]
[EventRounds "9"]
[EventCountry "ESP"]
[SourceTitle "EXT 2021"]
[Source "ChessBase"]
[SourceDate "2020.10.23"]
[SourceVersion "1"]
[SourceVersionDate "2020.10.23"]
[SourceQuality "1"]

1. e4 c5 2. Nf3 Nc6 3. d4 cxd4 4. Nxd4 e5 5. Nb5 d6 6. N1c3 a6 7. Na3 b5 8. Nd5 Nf6 9. Qf3 Nxd5 10. exd5 Nd4 11. Qd1 Be7 12. c3 Nf5 13. Bd3 Bg5 14. 0-0 Bxc1 15. Rxc1 0-0 16. Nc2 Qg5 17. Qf3 Ne7 18. c4 f5 19. Qe3 Qf6 20. f4 e4 21. Be2 Qxb2 22. Qb6 Qf6 23. cxb5 Nxd5 24. Qc6 Be6 25. bxa6 Nc3 26. Bd1 Bd5 27. Qb6 Bc4 28. Rf2 Rxa6 29. Qc7 d5 30. Nb4 e3 31. Rf3 Qd4 32. Qe5 e2+ 0-1

[Event "ESP-ch U14"]
[Site "Salobrena"]
[Date "2020.08.05"]
[Round "5"]
[White "Mamani Beltran, Deniman"]
[Black "Boix Redorta, Roc"]
[Result "1/2-1/2"]
[WhiteElo "1951"]
[BlackElo "1724"]
[PlyCount "85"]
[EventDate "2020.08.03"]
[EventType "swiss"]
[EventRounds "9"]
[EventCountry "ESP"]
[SourceTitle "EXT 2021"]
[Source "ChessBase"]
[SourceDate "2020.10.23"]
[SourceVersion "1"]
[SourceVersionDate "2020.10.23"]
[SourceQuality "1"]

1. e4 c5 2. Nf3 Nc6 3. Bb5 Na5 4. 0-0 a6 5. Be2 e6 6. Nc3 d6 7. Re1 Nf6 8. d3 b5 9. e5 Nd7 10. d4 cxd4 11. Qxd4 Nc6 12. Qe4 d5 13. Qf4 Be7 14. Qg4 g6 15. Bd3 b4 16. Nd1 0-0 17. h4 f5 18. Qg3 Qe8 19. h5 Kh8 20. Bg5 gxh5 21. Bxe7 Qxe7 22. Bf1 f4 23. Qh3 Qe8 24. c3 Qg6 25. cxb4 Nxb4 26. Nd4 Nc5 27. Qa3 a5 28. Rc1 Ncd3 29. Bxd3 Qxd3 30. Nb3 Rg8 31. Nc5 Qg6 32. Qf3 Nc2 33. Rxc2 Qxc2 34. Qxf4 Qg6 35. Ne3 Rb8 36. b3 Rb4 37. Qf3 Bb7 38. a3 Rb5 39. Rc1 Ba8 40. Qf6+ Qxf6 41. exf6 Rc8 42. f7 d4 43. Nd1 1/2-1/2

[Event "ESP-ch U14"]
[Site "Salobrena"]
[Date "2020.08.03"]
[Round "2"]
[White "Arce Cano, Nicolas"]
[Black "Boix Redorta, Roc"]
[Result "0-1"]
[WhiteElo "1310"]
[BlackElo "1724"]
[PlyCount "114"]
[EventDate "2020.08.03"]
[EventType "swiss"]
[EventRounds "9"]
[EventCountry "ESP"]
[SourceTitle "EXT 2021"]
[Source "ChessBase"]
[SourceDate "2020.10.23"]
[SourceVersion "1"]
[SourceVersionDate "2020.10.23"]
[SourceQuality "1"]

1. d4 d5 2. Bf4 Nf6 3. e3 c5 4. c3 Nc6 5. Bd3 Bg4 6. Nf3 e6 7. Nbd2 cxd4 8. exd4 Bd6 9. Bxd6 Qxd6 10. 0-0 0-0 11. Re1 Rfe8 12. Qc2 Rac8 13. Qb3 b6 14. Rac1 Na5 15. Qa4 Bxf3 16. Nxf3 Nd7 17. Re2 Nc4 18. Rce1 a5 19. Qc2 g6 20. Qb1 a4 21. a3 Qf8 22. Qc2 b5 23. h3 Qg7 24. Qb1 Re7 25. Qc2 Rce8 26. Bxc4 dxc4 27. Ne5 Nb6 28. Nc6 Rd7 29. Ne5 Rd6 30. Nf3 Nd5 31. Qc1 Qf6 32. Re4 Qg7 33. R4e2 Ne7 34. Ne5 Rd5 35. Re4 Red8 36. Qc2 Rxe5 37. Rxe5 Nd5 38. Qc1 Qf6 39. R5e4 Kg7 40. Qd2 Rg8 41. Qc1 h6 42. Qd2 Kh7 43. Qc1 g5 44. Qc2 Kh8 45. Qd2 Nf4 46. R1e3 Qg6 47. Qd1 Nd3 48. Qd2 h5 49. Re2 Kh7 50. R4e3 g4 51. hxg4 Nf4 52. Re1 hxg4 53. Rg3 Nd5 54. Qe2 Qh5 55. Qe4+ Rg6 56. Kf1 f5 57. Qc2 f4 0-1

[Event "Roncana op-B 13th"]
[Site "Santa Eulalia de Roncana"]
[Date "2019.11.30"]
[Round "8"]
[White "Lambert Pont, James"]
[Black "Boix Redorta, Roc"]
[Result "1/2-1/2"]
[WhiteElo "1462"]
[BlackElo "1577"]
[PlyCount "119"]
[EventDate "2019.09.28"]
[EventType "swiss"]
[EventRounds "8"]
[EventCountry "ESP"]
[SourceTitle "CBM 193 Extra"]
[Source "ChessBase"]
[SourceDate "2020.01.31"]
[SourceVersion "1"]
[SourceVersionDate "2020.01.31"]
[SourceQuality "1"]

1. d4 d5 2. Bf4 Nf6 3. Nf3 c5 4. e3 Nc6 5. c3 Qb6 6. Qc1 Bf5 7. Nbd2 e6 8. Be2 cxd4 9. exd4 Rc8 10. 0-0 Be7 11. Re1 0-0 12. a3 Ne4 13. h3 h6 14. Nxe4 dxe4 15. Nd2 Nxd4 16. Be3 Nxe2+ 17. Rxe2 Qa6 18. Re1 e5 19. f3 exf3 20. Nxf3 f6 21. Qd2 Rfd8 22. Qf2 Bh7 23. Bxa7 Qxa7 24. Qxa7 Bc5+ 25. Qxc5 Rxc5 26. Rad1 Rcd5 27. Rxd5 Rxd5 28. Kh2 Kf7 29. Re3 g5 30. c4 Rc5 31. Rb3 Be4 32. Rb4 Bxf3 33. gxf3 Kg6 34. b3 Rc7 35. Rb6 h5 36. Kg3 h4+ 37. Kf2 Kf7 38. Ke3 f5 39. a4 Kg7 40. Re6 g4 41. fxg4 fxg4 42. hxg4 h3 43. Kf3 Rd7 44. Rxe5 Rd3+ 45. Kf2 Rxb3 46. Rb5 h2 47. Kg2 Rg3+ 48. Kh1 Rxg4 49. Rxb7+ Kf6 50. Rb4 Ke6 51. a5 Kd7 52. a6 Rg1+ 53. Kxh2 Ra1 54. Rb6 Kc7 55. c5 Ra5 56. Rh6 Rxc5 57. Rh7+ Kb8 58. Rh6 Ka7 59. Kg3 Ra5 60. Rc6 1/2-1/2